Social Science Resource Guide (with special attention to the holdings of the Libraries at the University of Pittsburgh) (Запис № 428346)

МАРК-запис
000 -Лідер
fixed length control field 00806nam a22002297a 4500
003 - Ідентифікатор контрольного номера
control field UA-OsUOA
001 - Контрольний номер
control field 48242
007 - Фіксоване поле фізичного опису
fixed length control field ta
008 - Елементи даних фіксованої довжини – загальна інформація
fixed length control field 20121226b un ||||| |||| 00| 0 ukr d
090 ## - Локальний шифр розміщення
Класифікаційний індекс УДК 017
040 ## - Джерело каталогізації
Агенція оригінальної каталогізації UA-OsUOA
Мова каталогізації eng
Агенція, яка здійснювала перезапис UA-OsUOA
Агенція, яка здійснювала модифікацію UA-OsUOA
041 ## - Код мови
Код мови тексту/ звукової доріжки чи окремого заголовка (П) eng
080 ## - Індекс Універсальної десяткової класифікації
Індекс Універсальної десяткової класифікації (УДК) (НП) 017
245 ## - Відомості про назву
Назва (НП) Social Science Resource Guide (with special attention to the holdings of the Libraries at the University of Pittsburgh)
Дані про відповідальність (НП) edit. Lynne Foote
260 ## - Публікація, розповсюдження і т.п. (Вихідні дані)
Ім’я/ наймення видавництва, розповсюджувача і т.п. (П) University Center for International Studies University of Pittsburgh
Дата публікації, розповсюдження і т.п. (П) 1978
300 ## - Фізичний опис
Обсяг 118 p.
650 #7 - Додаткове предметне введення – тематичний термін
Тематичний термін чи географічна назва, як елемент введення (НП) 01 Бібліографія і бібліографії. Каталоги
Джерело заголовка чи терміна UDC
942 ## - Додаткові елементи входу (Коха)
Тип елемента Koha Книги
955 ## - Код типу видання за змістом
Код типу видання за змістом (НП) Наукові видання
Фонди
Стан вилучень Стан втрат Джерело класифікації або схеми стелажів Стан уражень Не для кредиту Постійне місце розташування Поточне розміщення Дата придбання Джерело придбання Вартість, звичайна ціна покупки Інвентарний номер Усього замовленно Штрих-код Дата останнього перегляду Ціна ефективна від Тип елемента Koha
    Universal Decimal Classification     Наукова бібліотека ІДУД Наукова бібліотека ІДУД 26/12/2012 293/2012 1.00 2134298   2134298 14/09/2019 26/12/2012 Книги